000 00522nam a22001817a 4500
005 20251108164822.0
008 250721s1985 xx 000 0 ara d
082 1 4 _a811.9565/محم
100 1 _aسمحان، محمد
245 1 0 _aأبجدية العشق و الجنون :
_bشعر /
264 1 _aعمان :
_bدار الكرمل للنشر،
_c1985.
300 _a119ص
650 1 7 _aالشعر العربي
650 1 7 _aالعصر الحديث
650 1 7 _aالأردن
942 _2ddc
_cBK
999 _c15101
_d15101